000 00281nam a2200109Ia 4500
008 220204s9999 xx 000 0 und d
082 _a678 (520)
_bPRO.8
245 0 _aProgress in polymer science Japan. V 8
260 _aTokyo
_bKodansha
_c1975
650 _aBiopolymers
942 _cBK
999 _c24088
_d24088